• 首页
  • 本馆介绍
  • 公告通知
  • 最新文献
  • 馆藏检索
  • 电子资源
  • 读者导购
  • 参考咨询
  • 我的图书馆
  • 登录
  • 详细信息显示
  • 放入我的书架
  • 预约/预借图书
  • 作者相关作品
  • 分类相关作品
  • 丛书相关作品
  • 出版社相关作品

书目信息

  • 表格格式
  • 工作单格式
  • 卡片格式
题名:
运动员保健指导
    
 
作者: 骆勤芳 , 夏伟恩 编
分册:  
出版信息: 北京   人民教育出版社  1986
页数: 386页
开本: 19cm
丛书名:
单 册:
中图分类: G804.3
科图分类:
主题词: 运动员-体育卫生 , 体育理论 , 体育卫生-运动员
电子资源:
ISBN:
000 00748nam0 2200265 45
001 0186017489
005 20051228151738.85
010    @dCNY2.60
091    @a7015.2302
100    @a19900802d1986 em y0chiy0121 ea
101 0  @achi
102    @aCN@b110000
105    @ay z 000yy
200 10 @a运动员保健指导@Ayun dong yuan bao jian zhi dao@f骆勤芳,夏伟恩编@Fluo qin fang,xia wei en bian
210    @a北京@c人民教育出版社@d1986
215    @a386页@d19cm
606    @a运动员-体育卫生
606 0  @a体育理论
606    @a体育卫生-运动员
690    @aG804.3@v3
701  0 @a骆勤芳@Aluo qin fang@4编
701  0 @a夏伟恩@Axia wei en@4编
801  2 @aCN@bNLC@c20051228
801  0 @aCN@b深圳图书馆@c20040508
905    @dG804.3@e55@b166607@f1
    
    运动员保健指导/骆勤芳,夏伟恩编.-北京:人民教育出版社,1986
    386页;19cm
    
    
    ISBN :CNY2.60
    
●
相关链接 在E读中查询图书 在五车中查询图书 在当当中查询图书 在豆瓣中查询图书


正题名:运动员保健指导     索取号:G804.3/55         预约/预借

序号 登录号 条形码 馆藏地/架位号 状态 备注
1 0166607   001931422   密集书库/ [索取号:G804.3/55] 在馆    
2 0166608   000297084   密集书库/ [索取号:G804.3/55] 在馆    
3 0166609   202146748   密集书库/ [索取号:G804.3/55] 在馆    
4 0166610   202146739   密集书库/ [索取号:G804.3/55] 在馆    
5 0166611   000297020   第一样本阅览室/ [索取号:G804.3/55] 在馆    
6 0233646   000297039   密集书库/ [索取号:G804.3/55] 在馆    
7 0233647   000297011   密集书库/ [索取号:G804.3/55] 在馆    
8 0233648   202146784   密集书库/ [索取号:G804.3/55] 在馆    
唐山师范学院图书馆 欢迎您!
大连网信软件有限公司© 版权所有